ბათუმის შოთა რუსთაველის სახელმწიფო უნივერსიტეტის ბიბლიოთეკა

თანამედროვე წოვათუშური ენის შერწყმული და რთული წინადადების სინტაქსი / (ბიბ.ჩანაწერი № 56892)

000 -ლიდერი
ფიქსირებული სიგრძის საკონტროლო ველი 01310nam a22002297a 4500
003 - საკონტროლო ნომრის იდენტიფიკატორი
საკონტროლო ველი Ge_BSU
005 - ბოლო ოპერაციის თარიღი და დრო
საკონტროლო ველი 20190610204034.0
008 - ფიქსირებული სიგრძის მონაცემთა ელემენტები - ზოგადი ინფორმაცია
ფიქსირებული სიგრძის საკონტროლო ველი 190610b2018 ||||| |||| 00| 0 geo d
020 ## - წიგნის საერთაშორისო სტანდარტული ნომერი
International Standard Book Number 9789941264030
041 ## - ენის კოდი
Language code of text/sound track or separate title geo
080 ## - უნივერსალური ათობითი კლასიფიკაციის ინდექსი
Universal Decimal Classification number 811.354..41'367.3 მ-74
100 ## - მთავარი ჩანაწერი - პიროვნების სახელი
Personal name მაყვალე, მიქელაძე.
9 (RLIN) 2367
245 ## - ცნობა სათაურის შესახებ
Title თანამედროვე წოვათუშური ენის შერწყმული და რთული წინადადების სინტაქსი /
Statement of responsibility, etc მაყვალა მიქელაძე ; რედ: ვაჟა შენგელია ; ქეთევან გიგაშვილი.
Remainder of title [მონოგრაფია]
264 ## - წარმოების, გამოცემის, დისტრიბუციის და სხვა ცნობები
გამოცემის, წარმოების, დისტრიბუციის... ადგილი თბილისი :
გამოცემის, წარმოების, დისტრიბუციის... სახელწოდება უნივერსალი,
გამოცემის, წარმოების, დისტრიბუციის... თარიღი 2018.
300 ## - ფიზიკური აღწერა
Extent 156 გვ. ;
Dimensions 20 სმ.
504 ## - BIBLIOGRAPHY, ETC. NOTE
Bibliography, etc ბიბლიოგრაფია: გვ.199-203.
653 ## - INDEX TERM--UNCONTROLLED
Uncontrolled term ბაცბური ენა
653 ## - INDEX TERM--UNCONTROLLED
Uncontrolled term წოვათუშური ენა -- გრამატიკა -- კავკასიური ენები
700 ## - ADDED ENTRY--PERSONAL NAME
Personal name შენგელია, ვაჟა
Relator term რედაქტორი
9 (RLIN) 2368
700 ## - ADDED ENTRY--PERSONAL NAME
Personal name გიგაშვილი, ქეთევან
Relator term რედაქტორი
9 (RLIN) 2369
942 ## - ADDED ENTRY ELEMENTS (KOHA)
Source of classification or shelving scheme
Koha item type წიგნი
ეგზემპლარები
ჩამოწერის სტატუსი დაკარგული ეგზემპლარის სტატუსი კლასიფიკაციის წყარო ან თაროზე გაწყობის სქემა დაზიანების სტატუსი არ გაიცემა მუდმივი მდებარეობა (დაცვის ადგილი) ამჟამინდელი ადგილსამყოფელი თაროზე განთავსების ადგილი შეძენის თარიღი ღირებულება, შესყიდვის ნორმალური ფასი სრული შენახვის შიფრი შტრიხკოდი ბოლო ოპერაციის თარიღი ეგზემპლარის მიმდევრობითი ნომერი (კეტერი?) ფასის ძალაში შესვლის თარიღი ეგზემპლარის სახეობა საჯარო შენიშვნა
          ბათუმის შოთა რუსთაველის სახელმწიფო უნივერსიტეტის მთავარი ბიბლიოთეკა ბათუმის შოთა რუსთაველის სახელმწიფო უნივერსიტეტის მთავარი ბიბლიოთეკა წიგნსაცავი 2019-06-10 7.00 811.354..41'367.3 მ-74 59694 2019-06-10 59694 2019-06-10 წიგნი 7 ლ.